CIFA technical paper; N.30 Current status of fisheries and fish stocks of the four largest African reservoirs

Gespeichert in:
Bibliographische Detailangaben
1. Verfasser: CIFA
Format: Buch
Sprache:Undetermined
Veröffentlicht: Rome FAO 1995
Schlagworte:
Tags: Tag hinzufügen
Keine Tags, Fügen Sie den ersten Tag hinzu!
Thư viện lưu trữ: Trung tâm Học liệu Trường Đại học Cần Thơ
LEADER 00558nam a2200193Ia 4500
001 CTU_29110
008 210402s9999 xx 000 0 und d
082 |a 639 
082 |b C569/N.30 
100 |a CIFA 
245 0 |a CIFA technical paper; N.30 
245 0 |b Current status of fisheries and fish stocks of the four largest African reservoirs 
245 0 |c CIFA, FAO 
260 |a Rome 
260 |b FAO 
260 |c 1995 
650 |a fisheries 
904 |i Nguyễn Quang Điền, 990311 
980 |a Trung tâm Học liệu Trường Đại học Cần Thơ